| 000 | 00831nam a22002897a 4500 | ||
|---|---|---|---|
| 003 | CHAP | ||
| 005 | 20220329133905.0 | ||
| 008 | 971013s1941 r 00010 d | ||
| 010 | _a12317 | ||
| 011 | _a13289 | ||
| 035 | _a17360 | ||
| 040 | _cCHAP | ||
| 082 |
_a330 _bG53Y |
||
| 100 | 0 | 0 |
_aGide, Charles. _947895 |
| 245 | _aCurso de economía política | ||
| 260 |
_aBuenos Aires : _bAnaconda, _c1941 |
||
| 300 | _a896 p. | ||
| 590 |
_aBATCH-UPD _b10 _c20130110 _lUCH01 _h0328 |
||
| 590 |
_aBATCH-UPD _b10 _c20130110 _lUCH01 _h1837 |
||
| 590 |
_aBATCH-UPD _b10 _c20130410 _lUCH01 _h0002 |
||
| 590 |
_aBATCH-UPD _b10 _c20130914 _lUCH01 _h1230 |
||
| 590 |
_aCONVERSION _b10 _c20130109 _lUCH01 _h1308 |
||
| 650 | 1 | 4 |
_aEconomía. _935226 |
| 901 | _aBK | ||
| 942 | _cLIBRO | ||
| 949 |
_a330 G53Y _bBC _cLIBRO _d33724000311270 _eLIBRO _i17360 _si |
||
| 999 |
_c12317 _d12317 |
||